Cappella per la Beatificazione dei Servi Di Dio ... Giuseppe Timoteo Giaccardo (Record n. 37802)

Dettagli MARC
000 -LEADER
fixed length control field 00737nam a22001817a 4500
003 - CONTROL NUMBER IDENTIFIER
control field IT-RoPau
005 - DATE AND TIME OF LATEST TRANSACTION
control field 20220918175938.0
008 - FIXED-LENGTH DATA ELEMENTS--GENERAL INFORMATION
fixed length control field 130119b xxu||||| |||| 00| 0 eng d
040 ## - CATALOGING SOURCE
Transcribing agency IT-RoPau
100 ## - MAIN ENTRY--PERSONAL NAME
Personal name Giovanni Paolo II
9 (RLIN) 306
245 ## - TITLE STATEMENT
Title Cappella per la Beatificazione dei Servi Di Dio ... Giuseppe Timoteo Giaccardo
250 ## - EDITION STATEMENT
Edition statement I
260 ## - PUBLICATION, DISTRIBUTION, ETC. (IMPRINT)
Place of publication, distribution, etc. Roma
Name of publisher, distributor, etc. Tipografia Vaticana
Date of publication, distribution, etc. 1989
300 ## - PHYSICAL DESCRIPTION
Extent 99 p.
Dimensions 17 cm
490 ## - SERIES STATEMENT
Volume/sequential designation I
520 ## - SUMMARY, ETC.
Summary, etc. I martiri di Thailandia<br/>The seven martyrs of Thailand<br/>Giuseppe Timoteo Giaccardo<br/>Maria di Gesù Deluil - Martiny (1841 - 1884)<br/>Canto di attesa<br/>Riti di Introduzione<br/>Rito della Beatificazione<br/>Liturgia della Parola<br/>Liturgia Eucaristica<br/>Riti di Conclusione<br/>Canto Finale
942 ## - ADDED ENTRY ELEMENTS (KOHA)
Source of classification or shelving scheme Dewey Decimal Classification
Koha item type LIBRO
Dati di copia
Withdrawn status Lost status Source of classification or shelving scheme Damaged status Not for loan Home library Current library Date acquired Total Checkouts Full call number Date last seen Price effective from Koha item type
    Dewey Decimal Classification Buone Condizioni Not For Loan PAULUS-BIBLIOTECA PAULUS-BIBLIOTECA 19/01/2013   P B3 19/01/2013 19/01/2013 LIBRO
CREDITS: SOCIETA' SAN PAOLO Via A.Severo, 58 - ROMA (RM) & PERIODICI SAN PAOLO SRL Via Giotto, 36 MILANO & CISF Via Giotto, 36 MILANO & EDIZIONI SAN PAOLO SRL,  Piazza Soncino, 5 CINISELLO BALSAMO (MI) -- ITALY